| Tag |
First Indicator |
Second Indicator |
Subfields |
| LEADER |
00000cam a2200000 a 4500 |
| 001 |
in00000072799 |
| 005 |
20190207093451.0 |
| 008 |
810116s1980 txua 00010 engm |
| 010 |
|
|
|a 80052836
|
| 020 |
|
|
|a 0911536892
|
| 035 |
|
|
|a (OCoLC)07246791
|
| 035 |
|
|
|9 AAJ1220AM
|
| 040 |
|
|
|a DLC
|c DLC
|d TXA
|d UtOrBLW
|
| 043 |
|
|
|a n-us-tx
|
| 049 |
|
|
|a TXAS
|c [1422199]
|
| 050 |
0 |
0 |
|a TE178
|b .J63
|
| 082 |
0 |
|
|a 713/.09764
|2 19
|
| 100 |
1 |
|
|a Johnson, Lady Bird,
|d 1912-2007.
|
| 245 |
1 |
0 |
|a Texas-- a roadside view /
|c by Lady Bird Johnson ; foreword by Diana Hobby.
|
| 264 |
|
1 |
|a San Antonio, Tex. :
|b Trinity University Press,
|c [1980]
|
| 264 |
|
4 |
|c ©1980
|
| 300 |
|
|
|a xxiii, 51 pages :
|b color illustrations ;
|c 23 cm.
|
| 336 |
|
|
|a text
|b txt
|2 rdacontent
|
| 337 |
|
|
|a unmediated
|b n
|2 rdamedia
|
| 338 |
|
|
|a volume
|b nc
|2 rdacarrier
|
| 500 |
|
|
|a The Cushing Library/Chapman Texas Collection copy is part of the Floyd & Louise Chapman Texas & Borderlands Collection.
|5 TXA
|
| 536 |
|
|
|a Cushing Reference copy donated through the generosity of Dr. & Mrs. Mavis P. Kelsey.
|
| 650 |
|
0 |
|a Roadside improvement
|z Texas.
|
| 650 |
|
0 |
|a Roadside plants
|z Texas.
|
| 999 |
|
|
|a MARS
|
| 999 |
f |
f |
|s e627e96d-605f-3a8c-b541-87face0a0e78
|i 6b1805fe-6b95-3f22-a4c5-fe607ba5a2c4
|t 0
|
| 952 |
f |
f |
|p noncirc
|a Texas A&M University
|b College Station
|c Cushing Memorial Library & Archives
|d Cushing: Reference (Does not check out)
|t 0
|e TE178 .J63
|h Library of Congress classification
|i unmediated -- volume
|
| 952 |
f |
f |
|p noncirc
|a Texas A&M University
|b College Station
|c Cushing Memorial Library & Archives
|d Cushing: Chapman Texas Collection (Does not check out)
|t 0
|e TE178 .J63
|h Library of Congress classification
|i unmediated -- volume
|m A14806069716
|
| 998 |
f |
f |
|a TE178 .J63
|t 0
|l Cushing: Chapman Texas Collection (Does not check out)
|
| 998 |
f |
f |
|a TE178 .J63
|t 0
|l Cushing: Reference (Does not check out)
|